| 000 | 00692nam a2200217Ia 4500 | ||
|---|---|---|---|
| 999 |
_c35055 _d35055 |
||
| 003 | GCL | ||
| 005 | 20240530102855.0 | ||
| 008 | 140319s9999 xx 000 0 ara d | ||
| 040 |
_aGCL / _cGCL |
||
| 082 | 0 | 4 |
_a001.5 _bذ ت |
| 100 | 1 | _aعاطف على العبد | |
| 245 | 1 | 0 |
_aالتجربة البحثية لمؤسسة الاذاعة والتلفزيون المصرية 1964 - 1987م / _cعاطف عدلى العبد |
| 260 |
_a[S.N] : _bدار الهانى للطباعة ، _c1989 |
||
| 300 | _a185 ص | ||
| 650 | 0 | 4 | _aمصر |
| 650 | 0 | 4 | _aالتليفزيون |
| 650 | 0 | 4 | _aالاعلام |
| 650 | 0 | 4 | _aوسائل الاعلام |
| 650 | 0 | 4 | _aالاذاعة |
| 942 |
_2ddc _cBK |
||